BAFTA Film Award Nominees for Best Supporting Actress - Statistics

General Stats
  • This quiz has been taken 105 times
    26 since last reset
  • The average score is 146 of 259
Answer Stats
Year Film Actress % Correct
2024 Wicked Ariana Grande
100%
2007 I'm Not There Cate Blanchett
100%
2004 The Aviator Cate Blanchett
100%
1999 The Talented Mr. Ripley Cate Blanchett
100%
2023 Oppenheimer Emily Blunt
100%
2006 The Devil Wears Prada Emily Blunt
100%
2018 The Favourite Emma Stone
100%
2014 Birdman Emma Stone
100%
2019 Little Women Florence Pugh
100%
2024 The Last Showgirl Jamie Lee Curtis
100%
2022 Everything Everywhere All at Once Jamie Lee Curtis
100%
1983 Trading Places Jamie Lee Curtis
100%
2019 Bombshell Margot Robbie
100%
2019 Once Upon a Time in Hollywood Margot Robbie
100%
2018 Mary Queen of Scots Margot Robbie
100%
2016 Lion Nicole Kidman
100%
2019 Jojo Rabbit Scarlett Johansson
100%
2016 Fences Viola Davis
100%
2024 Emilia Pérez Zoe Saldaña
100%
2012 Les Misérables Anne Hathaway
94%
2002 Chicago Catherine Zeta-Jones
94%
2011 The Help Jessica Chastain
94%
2012 Skyfall Judi Dench
94%
2011 My Week with Marilyn Judi Dench
94%
2001 The Shipping News Judi Dench
94%
2000 Chocolat Judi Dench
94%
1998 Shakespeare in Love Judi Dench
94%
1988 A Handful of Dust Judi Dench
94%
1987 84 Charing Cross Road Judi Dench
94%
1986 A Room with a View Judi Dench
94%
1985 Wetherby Judi Dench
94%
2013 August: Osage County Julia Roberts
94%
2013 12 Years a Slave Lupita Nyong'o
94%
2011 Bridesmaids Melissa McCarthy
94%
2004 The Manchurian Candidate Meryl Streep
94%
2002 Adaptation Meryl Streep
94%
1979 Manhattan Meryl Streep
94%
2004 Closer Natalie Portman
94%
2017 The Shape of Water Octavia Spencer
94%
2011 The Help Octavia Spencer
94%
2008 Vicky Christina Barcelona Penélope Cruz
94%
2021 King Richard Aunjanue Ellis-Taylor
88%
2006 Dreamgirls Jennifer Hudson
88%
2013 American Hustle Jennifer Lawrence
88%
2002 The Hours Julianne Moore
88%
2015 Steve Jobs Kate Winslet
88%
2001 Iris Kate Winslet
88%
1995 Sense and Sensibility Kate Winslet
88%
2014 The Imitation Game Keira Knightley
88%
2019 Marriage Story Laura Dern
88%
1979 Yanks Rachel Roberts
88%
2018 The Favourite Rachel Weisz
88%
2015 Carol Rooney Mara
88%
2007 Atonement Saoirse Ronan
88%
2025 One Battle After Another Teyana Taylor
88%
2015 Ex Machina Alicia Vikander
82%
2018 Vice Amy Adams
82%
2012 The Master Amy Adams
82%
2010 The Fighter Amy Adams
82%
2008 Doubt Amy Adams
82%
1974 American Graffiti Cindy Williams
82%
2025 Hamnet Emily Watson
82%
2003 Love Actually Emma Thompson
82%
2005 North Country Frances McDormand
82%
2000 Almost Famous Frances McDormand
82%
2010 The King's Speech Helena Bonham Carter
82%
1992 Howards End Helena Bonham Carter
82%
2001 Gosford Park Helen Mirren
82%
1982 On Golden Pond Jane Fonda
82%
2001 A Beautiful Mind Jennifer Connelly
82%
2015 The Hateful Eight Jennifer Jason Leigh
82%
1984 A Private Function Liz Smith
82%
2001 Gosford Park Maggie Smith
82%
1999 Tea with Mussolini Maggie Smith
82%
1993 The Secret Garden Maggie Smith
82%
1978 Death on the Nile Maggie Smith
82%
2016 Manchester by the Sea Michelle Williams
82%
2005 Brokeback Mountain Michelle Williams
82%
2012 Lincoln Sally Field
82%
1994 Forrest Gump Sally Field
82%
1990 Ghost Whoopi Goldberg
82%
2017 I, Tonya Allison Janney
76%
2022 Black Panther: Wakanda Forever Angela Bassett
76%
1991 The Grifters Annette Bening
76%
2021 West Side Story Ariana DeBose
76%
1999 Being John Malkovich Cameron Diaz
76%
1982 Gandhi Candice Bergen
76%
2024 The Brutalist Felicity Jones
76%
1974 Murder on the Orient Express Ingrid Bergman
76%
1976 Bugsy Malone Jodie Foster
76%
1976 Taxi Driver Jodie Foster
76%
2008 The Wrestler Marisa Tomei
76%
1989 Dangerous Liaisons Michelle Pfeiffer
76%
2014 Boyhood Patricia Arquette
76%
2002 Chicago Queen Latifah
76%
2003 Cold Mountain Renée Zellweger
76%
2023 Saltburn Rosamund Pike
76%
1986 After Hours Rosanna Arquette
76%
1985 Desperately Seeking Susan Rosanna Arquette
76%
2008 Burn After Reading Tilda Swinton
76%
2007 Michael Clayton Tilda Swinton
76%
1993 The Age of Innocence Winona Ryder
76%
2006 Little Miss Sunshine Abigail Breslin
71%
1994 Manhattan Murder Mystery Anjelica Huston
71%
1990 Crimes and Misdemeanors Anjelica Huston
71%
1985 Prizzi's Honor Anjelica Huston
71%
2009 Up in the Air Anna Kendrick
71%
2025 The Ballad of Wallis Island Carey Mulligan
71%
2022 She Said Carey Mulligan
71%
2011 Drive Carey Mulligan
71%
1984 Silkwood Cher
71%
2023 The Holdovers Da'Vine Joy Randolph
71%
2012 The Sessions Helen Hunt
71%
2014 Pride Imelda Staunton
71%
2009 Precious Mo'Nique
71%
2013 Blue Jasmine Sally Hawkins
71%
1997 The Ice Storm Sigourney Weaver
71%
1989 Working Girl Sigourney Weaver
71%
2006 Little Miss Sunshine Toni Collette
71%
2002 About a Boy Toni Collette
71%
2009 Up in the Air Vera Farmiga
71%
2003 Thirteen Holly Hunter
65%
1993 The Firm Holly Hunter
65%
2015 Brooklyn Julie Walters
65%
2000 Billy Elliot Julie Walters
65%
1991 Stepping Out Julie Walters
65%
1998 Primary Colors Kathy Bates
65%
1992 Fried Green Tomatoes Kathy Bates
65%
1988 Moonstruck Olympia Dukakis
65%
2005 Crash Thandiwe Newton
65%
2010 Black Swan Barbara Hershey
59%
1986 Hannah and Her Sisters Barbara Hershey
59%
2024 Conclave Isabella Rossellini
59%
2021 The Lost Daughter Jessie Buckley
59%
1996 The English Patient Juliette Binoche
59%
2017 Darkest Hour Kristin Scott Thomas
59%
2009 Nowhere Boy Kristin Scott Thomas
59%
1994 Four Weddings and a Funeral Kristin Scott Thomas
59%
2017 Lady Bird Laurie Metcalf
59%
1998 Gods and Monsters Lynn Redgrave
59%
1996 Shine Lynn Redgrave
59%
2023 The Zone of Interest Sandra Hüller
59%
2024 Emilia Pérez Selena Gomez
59%
2005 Pride & Prejudice Brenda Blethyn
53%
1998 Little Voice Brenda Blethyn
53%
2005 Capote Catherine Keener
53%
2023 The Color Purple Danielle Brooks
53%
1995 Nixon Joan Allen
53%
2022 The Banshees of Inisherin Kerry Condon
53%
1982 Reds Maureen Stapleton
53%
1970 Airport Maureen Stapleton
53%
2010 Made in Dagenham Miranda Richardson
53%
1992 Damage Miranda Richardson
53%
1992 The Crying Game Miranda Richardson
53%
1995 Mighty Aphrodite Mira Sorvino
53%
2016 Moonlight Naomie Harris
53%
2025 Marty Supreme Odessa A'zion
53%
2013 The Butler Oprah Winfrey
53%
2021 Passing Ruth Negga
53%
1987 Prick up Your Ears Vanessa Redgrave
53%
2020 Minari Youn Yuh-jung
53%
1972 The Last Picture Show Cloris Leachman
47%
2022 The Whale Hong Chau
47%
2003 Mystic River Laura Linney
47%
1996 The Mirror Has Two Faces Lauren Bacall
47%
2017 Phantom Thread Lesley Manville
47%
2010 Another Year Lesley Manville
47%
1996 Secrets & Lies Marianne Jean-Baptiste
47%
2014 Nightcrawler Rene Russo
47%
1983 The Ploughman's Lunch Rosemary Harris
47%
1977 Next Stop, Greenwich Village Shelley Winters
47%
1972 The Poseidon Adventure Shelley Winters
47%
1990 Steel Magnolias Shirley MacLaine
47%
1983 Tootsie Teri Garr
47%
1988 Fatal Attraction Anne Archer
41%
2023 All of Us Strangers Claire Foy
41%
2018 First Man Claire Foy
41%
1987 Radio Days Dianne Wiest
41%
1978 Interiors Geraldine Page
41%
1986 A Room with a View Rosemary Leach
41%
1973 That'll Be the Day Rosemary Leach
41%
1999 American Beauty Thora Birch
41%
2025 Sinners Wunmi Mosaku
41%
1975 Alice Doesn't Live Here Anymore Diane Ladd
35%
2004 Finding Neverland Julie Christie
35%
2007 No Country for Old Men Kelly Macdonald
35%
1979 Manhattan Mariel Hemingway
35%
1993 The Age of Innocence Miriam Margolyes
35%
2007 Control Samantha Morton
35%
1970 They Shoot Horses, Don't They? Susannah York
35%
2000 Crouching Tiger, Hidden Dragon Zhang Ziyi
35%
2021 Belfast Caitríona Balfe
29%
1994 Four Weddings and a Funeral Charlotte Coleman
29%
2025 Sentimental Value Inga Ibsdotter Lilleaas
29%
2000 Chocolat Lena Olin
29%
2020 Borat Subsequent Moviefilm Maria Bakalova
29%
1999 American Beauty Mena Suvari
29%
1985 Plenty Tracey Ullman
29%
1978 Death on the Nile Angela Lansbury
24%
2021 Mass Ann Dowd
24%
1969 The Prime of Miss Jean Brodie Celia Johnson
24%
2022 Triangle of Sadness Dolly de Leon
24%
1977 Welcome to L.A. Geraldine Chaplin
24%
1989 Sex, Lies and Videotape Laura San Giacomo
24%
1975 Nashville Ronee Blakley
24%
1991 The Fisher King Amanda Plummer
18%
1984 The Dresser Eileen Atkins
18%
1989 Madame Sousatzka Peggy Ashcroft
18%
1969 Three into Two Won't Go Peggy Ashcroft
18%
1973 Day for Night Valentina Cortese
18%
2020 Judas and the Black Messiah Dominique Fishback
12%
1972 The Last Picture Show Eileen Brennan
12%
1970 Watermelon Man Estelle Parsons
12%
2006 The History Boys Frances de la Tour
12%
2008 Slumdog Millionaire Freida Pinto
12%
1971 The Raging Moon Georgia Brown
12%
1971 Deep End Jane Asher
12%
1997 Wilde Jennifer Ehle
12%
2020 Rocks Kosar Ali
12%
1997 The Full Monty Lesley Sharp
12%
1971 The Go-Between Margaret Leighton
12%
1988 A Fish Called Wanda Maria Aitken
12%
1974 Summer Wishes, Winter Dreams Sylvia Sidney
12%
1984 Once Upon a Time in America Tuesday Weld
12%
2009 Nowhere Boy Anne-Marie Duff
6%
1990 The Krays Billie Whitelaw
6%
1976 The Omen Billie Whitelaw
6%
1968 Charlie Bubbles Billie Whitelaw
6%
1968 Twisted Nerve Billie Whitelaw
6%
1970 Ryan's Daughter Evin Crowley
6%
2016 I, Daniel Blake Hayley Squires
6%
1977 Equus Jenny Agutter
6%
1977 Equus Joan Plowright
6%
1972 Cabaret Marisa Berenson
6%
2020 Calm with Horses Niamh Algar
6%
1969 The Prime of Miss Jean Brodie Pamela Franklin
6%
1982 Gandhi Rohini Hattangadi
6%
1968 Games Simone Signoret
6%
1976 The Homecoming Vivien Merchant
6%
1997 Wilde Zoë Wanamaker
6%
1976 The Slipper and the Rose Annette Crosbie
0%
2020 County Lines Ashley Madekwe
0%
1973 The Day of the Jackal Delphine Seyrig
0%
1995 Sense and Sensibility Elizabeth Spriggs
0%
1971 Taking Off Georgia Engel
0%
1975 Nashville Gwen Welles
0%
2004 Vera Drake Heather Craney
0%
1973 Cries and Whispers Ingrid Thulin
0%
2003 Girl with a Pearl Earring Judy Parfitt
0%
1991 Frankie and Johnny Kate Nelligan
0%
1975 Alice Doesn't Live Here Anymore Lelia Goldoni
0%
1979 The Europeans Lisa Eichhorn
0%
1969 Oh! What a Lovely War Mary Wimbush
0%
1983 Educating Rita Maureen Lipman
0%
1978 Stevie Mona Washbourne
0%
1968 Romeo and Juliet Pat Heywood
0%
1987 Hope and Glory Susan Wooldridge
0%
1974 The Tamarind Seed Sylvia Syms
0%
1968 Interlude Virginia Maskell
0%
No matching quizzes found
Score Distribution
Percent of People with Each Score
Percentile by Number Answered
Your Score History
You have not taken this quiz since the last reset